Dokonalé ticho /
Na okraji cesty na predmestí Edinburghu sa nájde mŕtve telo mladého dievčaťa. Patológ objaví šokujúcu vec: z kože obete na bruchu a na chrbte niekto vyrezal siluetu bábiky. Hlavná inšpektorka Turnerová a inšpektor Callanach objavia dôležitú stopu tam, kde by ju nikto nečakal. V detskom kočíku s opus...
Uloženo v:
| Hlavní autor: | |
|---|---|
| Médium: | E-kniha |
| Jazyk: | Czech |
| Vydáno: |
Praha :
Albatros Media Slovakia s.r.o.,
2024
|
| Tagy: |
Žádné tagy |
| LEADER | 01497nam a22002297i 4500 | ||
|---|---|---|---|
| 001 | 312531 | ||
| 007 | ta | ||
| 008 | 260601s2024 xr ||||| |||| 00| 0 cze d | ||
| 020 | |a 9788056642412 | ||
| 044 | |a xr | ||
| 100 | 1 | |a Fieldsová, Helen |4 aut | |
| 245 | 1 | 0 | |a Dokonalé ticho / |c Fieldsová, Helen |
| 240 | 1 | 0 | |a Perfect Silence |
| 264 | 1 | |a Praha : |b Albatros Media Slovakia s.r.o., |c 2024 | |
| 300 | |a 1 online zdroj (376 stran) | ||
| 336 | |a text |b txt |2 rdacontent | ||
| 337 | |a bez média |b n |2 rdamedia | ||
| 338 | |a online zdroj |b cr |2 rdacarrier | ||
| 520 | 2 | |a Na okraji cesty na predmestí Edinburghu sa nájde mŕtve telo mladého dievčaťa. Patológ objaví šokujúcu vec: z kože obete na bruchu a na chrbte niekto vyrezal siluetu bábiky. Hlavná inšpektorka Turnerová a inšpektor Callanach objavia dôležitú stopu tam, kde by ju nikto nečakal. V detskom kočíku s opusteným bábätkom, pri ktorom je bábika vyrobená z ľudskej kože. Podarí sa im zastaviť zvráteného vraha, prv než ďalšiu obeť umlčí navždy, alebo je už príliš neskoro? | |
| 910 | |a RBIT002 | ||
| 998 | |d 414804 |a https://core.palmknihy.cz/api/books/414804/cover?sl9q4f |b https://core.palmknihy.cz/api/books/414804/cover/400?sl9q4f |c https://core.palmknihy.cz/api/books/414804/cover/50?sl9q4f |e 2029-02-15 |g 376 |i 9788056642412 |j https://core.palmknihy.cz/api/books/414804/preview.epub |k https://core.palmknihy.cz/api/books/414804/preview.pdf |l |q 49 |r 1 |s https://www.palmknihy.cz/kniha/414804 |t ebook |y 2024 |z 1 | ||
| 999 | |d 312529 | ||